000 00547nam a2200217Ia 4500
003 OSt
005 20220924133216.0
006 a|||||r|||| 00| 0
007 ta
008 220923b |||||||| |||| 00| 0 per d
024 _a259958
037 _cTextual
040 _aARTS
_cARTS
_bper
041 _2per
_aper
082 _aO164,1H151g, K6
100 _aIsmat Shahzad
_9205879
245 0 _aSharah shoodi ber e hafiz
260 _c1966
942 _hO164,1H151g, K6
_cTEXL
_2CC
999 _c432983
_d432983